000 00572cam a2200217 a 4500
001 16157154
005 20180202075839.0
008 100327s2010 ne a 001 0 eng
010 _a 2010287061
020 _a9780123747518
040 _aDLC
_cDLC
041 _aeng
080 _a510
082 _2510 AND
100 1 _a36
101 _aMAT
245 1 0 _aElementary linear algebra /
_cStephen Andrilli, David Hecker.
906 _a7
_bcbc
_corigcop
_d2
_eecip
_f20
_gy-gencatlg
942 _2ddc
_cBK
999 _c41670
_d41670